| 000 | 00784nam a22002177a 4500 | ||
|---|---|---|---|
| 005 | 20251108172512.0 | ||
| 008 | 250721s1995 xx 000 0 ara d | ||
| 082 | 1 | 4 | _a216.302/قرض |
| 100 | 1 | _aالقرضاوي، يوسف | |
| 245 | 1 | 0 | _aبيع المرابحة للآمر بالشراء كما تجربة المصارف الأسلامية: دراسةفي ضوء النصوص و القواعد الشرعية. / |
| 250 | _aط5 | ||
| 264 | 1 |
_aالقاهرة : _bمكتبة وهبة، _c1995. |
|
| 300 | _a131ص | ||
| 650 | 1 | 7 | _aالمعاملات ( فقة اسلامي ) |
| 650 | 1 | 7 | _aالأقتصاد الأسلامي |
| 650 | 1 | 7 | _aالبنوكالإسلامية |
| 650 | 1 | 7 | _aالأحكام الشرعية |
| 653 | _aالبيع | ||
| 942 |
_2ddc _cBK |
||
| 999 |
_c80993 _d80993 |
||